Письмо генерала Мослова начальника канцелярии свиты царя - Шиллингу М. Ф. /с приложением черновика письма Шиллинга В. В. Щеглову...

Доступно только в Электронных читальных залах Найти на картеНа карте
RUSMARC
00004336nac2a22002893x 450
001c25f02c1-fa8d-4a61-a6b8-26fdeb1a6801
00520211214144005.0
100##$a20211122l1897 k y0rusy50 ca
1010#$arus
102##$aRU
105##$ay z |||e|
1220#$ad18970519
2001#$aПисьмо генерала Мослова начальника канцелярии свиты царя - Шиллингу М. Ф. /с приложением черновика письма Шиллинга В. В. Щеглову/
$j19 мая 1897
215##$a2 листа
251##$cДело
300##$aЗаголовок дела на папке: Письмо генерала Мосолова - начальник канцелярии свиты царя - Шиллингу М. Ф. (с приложением черновика письма Шиллинга В. В. Щеглову)
300##$aМашинописный и рукописный текст
330##$aВходит в раздел описи: 3. Документы о научной и литературной деятельности барона Шиллинга М. Ф.. Письма разных лиц Шиллингу М. Ф.
461#0$1001ff9fc58f-089b-437b-980d-902343bc59d8
$12001
$aШиллинг Маврикий Фабианович, барон, секретарь русского посольства в Вене
$1251
$cФонд
$1852
$j813
462#0$1001665c067c-d934-4316-b9df-5bf0ad49190b
$12001
$aДела постоянного хранения. 1817-1917
$vД. 322
$1251
$cОпись
$1852
$j1
5171#$aПисьмо генерала Мосолова - начальник канцелярии свиты царя - Шиллингу М. Ф. (с приложением черновика письма Шиллинга В. В. Щеглову)
600#1$aШиллинг
$bМ. Ф.
$cбарон
$gМаврикий Фабианович
600#1$aМосолов
600#1$aЩеглов
$bВ. В.
801#0$aRU
$bGA_RF
801#1$aRU
$bГлавНИВЦ
$c20211122
$2rusmarc
801#2$aRU
$bПБ им. Б.Н. Ельцина
$c20211214
$gRCR
$2rusmarc
852##$aГА РФ
$j322
937##$d171590019
$hГАРФ
035##$aRuPRLIB51061301
856##$uhttp://readingroom.main.prlib.ru/item.aspx?id_node=n171590019&mode=full
Формат отображения